00000000cas 2200000zi 4500
0019.962504
003CaOODSP
00520260507150808
006m     o  d f      
007cr cn ||||||||
008260501d20162020oncfr p o    f0### 0eng|d
040 |aCaOODSP|beng|erda|cCaOODSP
043 |an-cn---
0861 |aIu2-3E-PDF
1300 |aInsights (Ottawa, Ont.)
24510|aInsights.
264 1|a[Ottawa] : |b[Innovation, Science and Economic Development Canada], |c[2016-2020]
310 |aSemiannual
336 |atext|btxt|2rdacontent
337 |acomputer|bc|2rdamedia
338 |aonline resource|bcr|2rdacarrier
3621 |aBegan with: Volume 1 (2016); ceased with: Volume 1 (2020).
500 |aDigitized publication from print [produced by Innovation, Science and Economic Development Canada].
588 |aDescription based on: Volume 1 (2016).
588 |aLatest issue consulted: Volume 1 (2020).
650 0|aIndustries|zCanada|vPeriodicals.
655 7|aPeriodicals|2lcgft
7101 |aCanada. |bInnovation, Science and Economic Development Canada, |eissuing body.
78000|tIC insights.|w(CaOODSP)9.962493